000 00730nam a2200205Ia 4500
003 GCL
008 140319s9999 xx 000 0 ara d
040 _aGCL /
_cGCL
082 0 4 _a071
_bى ص
100 1 _aياسر الفهد
245 1 0 _aالصحافة العربية المعاصرة وآفاقها الثقافية بين النقد والتوثيق /
_cياسر الفهد
300 _a200 ص
490 _aالهيئة العامة للاستعلامات
_v0
650 0 4 _aالصحافة العربية
650 0 4 _aالصحافة - الجوانب السياسية
650 0 4 _aالصحف العربية
650 0 4 _aالمجلات العربية
650 0 4 _aالصحافةوالتربية
942 _2ddc
_cBK
999 _c51068
_d51068